| 000 | 00520nam a2200169 i 4500 | ||
|---|---|---|---|
| 001 | 45101 | ||
| 003 | ES-MaACL | ||
| 005 | 20230906161144.0 | ||
| 007 | t| | ||
| 008 | 030325s1955 sp ||||1| spa d | ||
| 100 | 1 |
_aCirac Estopañan, Sebastián. _938873 |
|
| 245 | 1 | 0 |
_aManual de gramática histórica griega / _cSebastián Cirac Estopañán. |
| 260 |
_aBarcelona ; _a[Burgos : _bAldecoa], _c1955. |
||
| 300 |
_a1 v. ; _c25 cm. |
||
| 650 | 4 |
_aLengua griega- _xGramática histórica. _9143231 |
|
| 852 |
_aES-MaACL _jP-838 |
||
| 999 |
_c45101 _d45101 |
||